Tratados torrijos-carter: Ejecución, Mediatización y Violaciones /
Salvato in:
| Ente Autore: | |
|---|---|
| Natura: | Sconosciuto |
| Pubblicazione: |
Panamá :
Imprenta Universidatia
|
| Soggetti: | |
| Tags: |
Aggiungi Tag
Nessun Tag, puoi essere il primo ad aggiungerne!!
|
MARC
| LEADER | 00000 a2200000 04500 | ||
|---|---|---|---|
| 001 | 45619 | ||
| 003 | |||
| 008 | 991231s d | ||
| 040 | |a CRAI/IIS |c CRAI/IIS | ||
| 020 | |a [sin ISBN] | ||
| 022 | |a [sin ISBN] | ||
| 090 | |a 01.02.04 T776t | ||
| 110 | |a Universidad de Panama | ||
| 245 | |a Tratados torrijos-carter: |b Ejecución, Mediatización y Violaciones / |c Universidad de Panama | ||
| 260 | |a Panamá : |b Imprenta Universidatia | ||
| 650 | |a PANAMA | ||
| 650 | |a ADMINISTRACION | ||
| 650 | |a INTERES | ||
| 650 | |a PAZ | ||
| 999 | |c 18310 |d 18310 | ||
